000 01025nam a2200241 a 4500
001 BRCA_7461
005 20190320205839.0
008 120413s1921----mx-ac#####---#000-0#spa-#
041 _aspa
044 _amx
050 4 _aN7596
_b.I26 1921
245 1 0 _aIconografía de gobernantes de la Nueva España tomada de la colección que se conserva en el salón de cabildos del Palacio Municipal de la ciudad de México
_bpublicase por acuerdo del honorable ayuntamiento, siendo presidente de este, el señor Herminio Perez Abreu
_ced. Eusebio Gomez de la Puente.
260 _aMéxico
_bE. Gomez de la Puente
_c1921
300 _a1 v. (sin paginación)
_bil. a color, 63 retratos
500 _aQ218
610 2 4 _aPalacio Municipal (Ciudad de México)
_918369
650 1 4 _aRetratos españoles
_913574
651 4 _aMéxico
_vRetratos
_xGobernantes
_918370
651 4 _aMéxico
_vBiografías
_xHistoria
_yPeriodo colonial, 1540-1810
_918371
700 1 _aGomez de la Puente, Eusebio
_eed.
_918372
902 _aGFM
942 _2lcc
_cB
999 _c7137
_d7137